00969 a2200169 4500003000500000005001700005040000900022082001900031100002100050245007200071250001200143260004900155300002800204505051400232600001900746650003400765Nust20221202151918.0 cNust a621.381528,KIV aKiver, Milton S. aTransistor circuit analysis /cMaurice V.Joyce and Kenneth K clarke a3rd ed. aLondonbAddison wesely publishing co.c1961. avii,461p.billusc24 cm aIntroduction To Modern Electron Theory (Page-1), Semiconductor Diodes And Transistors (Page-17), Transistor Characteristics (Page-52), Transistor Amplifiers (Page-119), Transistor Oscillators (Page-168), Transistor Radio Receivers (Page-187), Transistors In Television Receivers (Page-223), Industrial Applications Of Transistor (Page-272), Additional Transistor Developments (Page-314), Servicing Transistor Circuits (Page-382), Experiments With Transistors (Page-413), Transistor-Amplifier Design (Page-442) aMilton S Kiver aTelecommunication Engineering